| 000 | 00000nam 2200000za 4500 |
| 001 | 9.691947 |
| 003 | CaOODSP |
| 005 | 20240209130843 |
| 007 | cr ||||||||||| |
| 008 | 150407|1998||||xxc|||||o f|0| 0 eng d |
| 040 | |aCaOODSP|beng |
| 043 | |an-cn--- |
| 086 | 1 |aNR35-18/1998E-PDF |
| 245 | 00|aDurability and performance of gravity pipes : |h[electronic resource]|ba state-of-the-art literature review / |c[by] Jack Q. Zhao, S. Kuraoka, T.H.W. Baker, P. Gu, J-F. Masson, S. Boudreau and R. Brousseau. |
| 260 | |aOttawa - Ontario : |bNational Research Council. |cAugust 1998. |
| 300 | |a67p.|bfigs., glossary, graphs, references, tables |
| 500 | |aIncorrect ISBN (0-660-17091-4) copied in this electronic publication. |
| 590 | |a13-06-Supp|b2013-03-19 |
| 700 | 1 |aZhao, Jack Q. |
| 710 | 2 |aInstitute for Research in Construction (Canada) |
| 775 | 08|tDurabilité et performance des conduites à écoulement libre : |w(CaOODSP)9.636242 |
| 856 | 40|ahttp://publications.gc.ca|qPDF|s2.42 MB|uhttps://publications.gc.ca/collections/collection_2013/cnrc-nrc/NR35-18-1998-eng.pdf |
| 986 | |aNRCC 42868 |